00658nas a2200217Ia 4500001001100000003000900011008004100020040001300061040001300074041001300087100004400100210001300144222001300157245006000170250001100230260002500241501008600266300001700352362003500369650003600404R036/44108IT-RoPAU151124c99999999xx |||||||||||| ||und|| aIT-RoPAU cIT-RoPAU aITALIANO aTerzi CorradogCodice Aut. SPICS: 32037 aSEQUENZE aSequenze aSEQUENZE, ANNO 1-N.04 (DICEMBRE 1949)bAlberto Lattuada a1a ed. aPARMAbMACCARIc1949 bPaulus - SPICS - Società San Paolo EM (non-commercial uses only)cCopyright2015 a3 p. [26-28] aANNO 001, N.04 (DICEMBRE 1949) aCINEMAvPUBBLICAZIONE PERIODICA